| 000 | 00375cam a2200157ua 4500 | ||
|---|---|---|---|
| 041 |
_aeng _h |
||
| 082 |
_a028.79 _bPOO/MO |
||
| 100 | _aPoovendran, P . | ||
| 245 |
_aModern school atlas / _cP Poovendran. _hTextual Documents |
||
| 250 |
_a1 / _b. |
||
| 260 |
_aMadras : _bPharma Limited , _c1991. |
||
| 300 | _a97 ; . | ||
| 504 | _a | ||
| 942 | _cBK | ||
| 999 |
_c8882 _d8882 |
||